000 00556nam a22002177a 4500
003 UA-OsUOA
001 46822
007 ta
008 20070706b un ||||| |||| 00| 0 ukr d
100 _aМорозов А.И.
090 _a23655
_bМ80
942 _cBK
040 _aUA-OsUOA
_brus
_cUA-OsUOA
_dUA-OsUOA
245 _aСоветская живопись 70-х (некоторые грани развития)
300 _a54 с.
955 _a4
041 _arus
080 _a23655
260 _aМ.
_b"Знание"
_c1979
650 7 _2UDC
999 _c332912
_d332912